<?xml version="1.0" encoding="UTF-8"?>
<record
    xmlns:xsi="http://www.w3.org/2001/XMLSchema-instance"
    xsi:schemaLocation="http://www.loc.gov/MARC21/slim http://www.loc.gov/standards/marcxml/schema/MARC21slim.xsd"
    xmlns="http://www.loc.gov/MARC21/slim">

  <leader>01988cam a2200361 i 4500</leader>
  <controlfield tag="003">DO-SdBNP</controlfield>
  <controlfield tag="005">20240301180540.0</controlfield>
  <controlfield tag="007">ta</controlfield>
  <controlfield tag="008">751003s2014    sp            000 0 spa d</controlfield>
  <datafield tag="020" ind1=" " ind2=" ">
    <subfield code="a">9788420687353</subfield>
  </datafield>
  <datafield tag="040" ind1=" " ind2=" ">
    <subfield code="a">DO-SdBNP</subfield>
    <subfield code="b">spa</subfield>
    <subfield code="c">BNPHU</subfield>
    <subfield code="e">rda</subfield>
  </datafield>
  <datafield tag="082" ind1=" " ind2=" ">
    <subfield code="b">M392e</subfield>
    <subfield code="2">22</subfield>
  </datafield>
  <datafield tag="100" ind1="1" ind2=" ">
    <subfield code="a">Marx, Karl,</subfield>
    <subfield code="d">1818-1883</subfield>
    <subfield code="9">30439</subfield>
  </datafield>
  <datafield tag="240" ind1="1" ind2="0">
    <subfield code="a">Revolutionary spain /</subfield>
    <subfield code="l">Espa&#xF1;ol</subfield>
  </datafield>
  <datafield tag="245" ind1="1" ind2="3">
    <subfield code="a">La Espa&#xF1;a revolucionaria /</subfield>
    <subfield code="c">Karl Marx ; edici&#xF3;n Jorge del Palacio </subfield>
  </datafield>
  <datafield tag="250" ind1=" " ind2=" ">
    <subfield code="a">2a. edici&#xF3;n </subfield>
  </datafield>
  <datafield tag="264" ind1=" " ind2="1">
    <subfield code="a">Madrid, Espa&#xF1;a :</subfield>
    <subfield code="b">Alianza editorial, </subfield>
    <subfield code="c">2014.</subfield>
  </datafield>
  <datafield tag="300" ind1=" " ind2=" ">
    <subfield code="a">194 p&#xE1;ginas</subfield>
    <subfield code="c">18 cm.</subfield>
  </datafield>
  <datafield tag="336" ind1=" " ind2=" ">
    <subfield code="2">rdacontent</subfield>
    <subfield code="a">texto</subfield>
    <subfield code="b">txt</subfield>
  </datafield>
  <datafield tag="337" ind1=" " ind2=" ">
    <subfield code="2">rdamedia</subfield>
    <subfield code="a">sin mediaci&#xF3;n </subfield>
    <subfield code="b">n</subfield>
  </datafield>
  <datafield tag="338" ind1=" " ind2=" ">
    <subfield code="2">rdacarrier</subfield>
    <subfield code="a">volumen</subfield>
    <subfield code="b">nc</subfield>
  </datafield>
  <datafield tag="490" ind1="1" ind2=" ">
    <subfield code="a">Historia</subfield>
  </datafield>
  <datafield tag="500" ind1=" " ind2=" ">
    <subfield code="a">Incluye &#xCD;ndice anal&#xED;tico. </subfield>
  </datafield>
  <datafield tag="500" ind1=" " ind2=" ">
    <subfield code="a">El libro de bolsillo</subfield>
  </datafield>
  <datafield tag="504" ind1=" " ind2=" ">
    <subfield code="a">Bibliograf&#xED;a p: 23-27</subfield>
  </datafield>
  <datafield tag="520" ind1=" " ind2=" ">
    <subfield code="a">El pronunciamiento liberal de 1854, conocido como "la Vicalvarada", provoc&#xF3; que la pol&#xED;tica espa&#xF1;ola llamase la atenci&#xF3;n de la opini&#xF3;n p&#xFA;blica estadounidense, interesada en saber si los cambios en la metr&#xF3;poli pod&#xED;an afectar a sus colonias de Am&#xE9;rica. Es as&#xED; como Karl Marx, corresponsal del peri&#xF3;dico New York Daily Tribune en Europa, dirige su mirada a nuestra pa&#xED;s, escribiendo un total de 27 art&#xED;culos period&#xED;sticos entre julio de 1854 y junio de 1857. Entre ellos destaca la serie de nueve que compone La Espa&#xF1;a revolucionaria que aqu&#xED; se presenta. En ella Marx ofrece su particular visi&#xF3;n de las caracter&#xED;sticas polit&#xED;cas de la revoluci&#xF3;n liberal espa&#xF1;ola. La presente edici&#xF3;n cuenta con el apoyo de un glosario para conocer a los personajes, instituciones y hechos hist&#xF3;ricos a los que Marx alude. </subfield>
  </datafield>
  <datafield tag="590" ind1=" " ind2=" ">
    <subfield code="a">Inventariado, 2023/ YL</subfield>
  </datafield>
  <datafield tag="651" ind1=" " ind2="4">
    <subfield code="a">Espa&#xF1;a</subfield>
    <subfield code="x">Historia</subfield>
    <subfield code="y">1808-1814 (Guerra de la Independencia)|</subfield>
    <subfield code="9">84409</subfield>
  </datafield>
  <datafield tag="651" ind1=" " ind2="4">
    <subfield code="a">Espa&#xF1;a</subfield>
    <subfield code="x">Historia</subfield>
    <subfield code="y">1814-1833 (Fernando VII)</subfield>
    <subfield code="9">84410</subfield>
  </datafield>
  <datafield tag="700" ind1="1" ind2=" ">
    <subfield code="a">Palacio, Jorge del </subfield>
    <subfield code="e">edici&#xF3;n </subfield>
    <subfield code="9">42669</subfield>
  </datafield>
  <datafield tag="910" ind1=" " ind2=" ">
    <subfield code="a">Ylockward</subfield>
  </datafield>
  <datafield tag="942" ind1=" " ind2=" ">
    <subfield code="2">ddc</subfield>
    <subfield code="c">LBS1</subfield>
  </datafield>
  <datafield tag="952" ind1=" " ind2=" ">
    <subfield code="0">0</subfield>
    <subfield code="1">0</subfield>
    <subfield code="2">ddc</subfield>
    <subfield code="5">6</subfield>
    <subfield code="7">0</subfield>
    <subfield code="8">GR</subfield>
    <subfield code="a">BNPHU</subfield>
    <subfield code="b">BNPHU</subfield>
    <subfield code="c">CT</subfield>
    <subfield code="d">2019-02-02</subfield>
    <subfield code="e">Librer&#xED;a Cuesta</subfield>
    <subfield code="l">0</subfield>
    <subfield code="o">M392e</subfield>
    <subfield code="p">2023-6738</subfield>
    <subfield code="r">2023-10-06</subfield>
    <subfield code="w">2023-10-06</subfield>
    <subfield code="y">LBS1</subfield>
  </datafield>
  <datafield tag="952" ind1=" " ind2=" ">
    <subfield code="0">0</subfield>
    <subfield code="1">0</subfield>
    <subfield code="2">ddc</subfield>
    <subfield code="5">6</subfield>
    <subfield code="7">0</subfield>
    <subfield code="8">GR</subfield>
    <subfield code="a">BNPHU</subfield>
    <subfield code="b">BNPHU</subfield>
    <subfield code="c">CT</subfield>
    <subfield code="d">2019-02-02</subfield>
    <subfield code="e">Librer&#xED;a Cuesta</subfield>
    <subfield code="l">0</subfield>
    <subfield code="o">BNPHU GR M392e</subfield>
    <subfield code="p">2023-6739</subfield>
    <subfield code="r">2023-10-06</subfield>
    <subfield code="t">e. 2</subfield>
    <subfield code="w">2023-10-06</subfield>
    <subfield code="y">LBS1</subfield>
  </datafield>
  <datafield tag="999" ind1=" " ind2=" ">
    <subfield code="c">55105</subfield>
    <subfield code="d">55105</subfield>
  </datafield>
</record>
